000 00335nam a2200145Ia 4500
008 090707b ii f a fnsan d
040 _aRCL
100 _aThapar, Prithvi Raj
_94891
245 _aPunjabi Vartak:
_bPunar Vichar
260 _aDelhi
260 _bManpreet Prakashan
260 _c2012
300 _a144p.
942 _cBK
999 _c23697
_d23697